| 000 | 00763nam a2200169Ia 4500 | ||
|---|---|---|---|
| 008 | 090711s9999 xx 000 0 und d | ||
| 082 | _b1203 | ||
| 100 | _aसप्रे Sाौधरी विद्या | ||
| 245 | _aमस्तानी : कंSानी नव्हे कुलस्वामिनी | ||
| 260 |
_bप्रतिमा प्रकाशन _c2000 |
||
| 300 | _a251 | ||
| 600 | _aसप्रे Sाौधरी विद्या | ||
| 630 | _aमस्तानी : कंSानी नव्हे कुलस्वामिनी | ||
| 700 | _aसप्रे Sाौधरी विद्या | ||
| 730 | _aमस्तानी : कंSानी नव्हे कुलस्वामिनी | ||
| 942 | _cBOOK | ||
| 999 |
_c338210 _d338210 |
||